banner-ar

الوطنية والتحديثية فى المغرب: مجموعة دراسات حول الفكر الوطنى وسيرورة التحديث فى المغرب المعاصر / (Record no. 50480)

MARC details
000 -الفاتح
حقل البيانات ثابتة الطول 00829nam a2200205Ia 4500
008 - عناصر البيانات ثابتة الطول - معلومات عامة
حقل البيانات ثابتة الطول 140319s9999 xx 000 0 ara d
040 ## - مصدر الفهرسة
وكالة الفهرسة الأصلية GCL /
وكالة النسخ GCL
082 04 - رقم تصنيف ديوى العشرى
رقم التصنيف 320.964
رقم المادة س و
100 1# - المدخل الرئيسى - إسم شخصى
الإسم الشخصى سعيد بنسعيد العلوى
245 10 - بيان العنوان
العنوان الوطنية والتحديثية فى المغرب: مجموعة دراسات حول الفكر الوطنى وسيرورة التحديث فى المغرب المعاصر /
بيان المسئوليه,etc سعيد بنسعيد العلوى
300 ## - الوصف المادى
التعداد 186 ص
490 ## - بيان السلسلة
عنوان السلسلة مركز دراسات الوحده العربية
رقم المجلد/ التعيين التسلسلي 0
650 04 - المدخل الاضافى بالموضوع-مصطلح موضوعى
مصطلح موضوعي السياسة
650 04 - المدخل الاضافى بالموضوع-مصطلح موضوعى
مصطلح موضوعي الوطنية - المغرب
650 04 - المدخل الاضافى بالموضوع-مصطلح موضوعى
مصطلح موضوعي حركات التحرير الوطنى - المغرب
650 04 - المدخل الاضافى بالموضوع-مصطلح موضوعى
مصطلح موضوعي التحديث - المغرب
650 04 - المدخل الاضافى بالموضوع-مصطلح موضوعى
مصطلح موضوعي الفكرالسياسى - المغرب
942 ## - عناصر المدخل الإضافي( كوها)
مصدر التصنيف او مخطط الترفيف Dewey Decimal Classification
Koha [default] item type كتاب
Holdings
حالة التراجع حالة الفقد حالة تلف ليس للاعارة المكان المؤقت الموقع الحالى تاريخ الاكتساب اجمالي اﻻعارات رقم الطلب الباركود تاريخ اخر مشاهدة تاريخ تفعيل السعر نوع وعاء كوها
        مكتبة القاهرة الكبرى مكتبة القاهرة الكبرى 03/26/2014   320.964\س و 121066 03/26/2014 03/26/2014 كتاب

Powered By

EGPV